<?xml version="1.0" encoding="UTF-8"?>
<collection xmlns="http://www.loc.gov/MARC21/slim">
 <record>
  <leader>01581nam a22002177a 4500</leader>
  <controlfield tag="001">NCT_53889</controlfield>
  <controlfield tag="008">181022b        xxu||||| |||| 00| 0 vie d</controlfield>
  <datafield tag="999" ind1=" " ind2=" ">
   <subfield code="c">2583</subfield>
   <subfield code="d">2583</subfield>
  </datafield>
  <datafield tag="020" ind1=" " ind2=" ">
   <subfield code="a">9786046470519</subfield>
   <subfield code="c">81000</subfield>
  </datafield>
  <datafield tag="082" ind1="0" ind2="4">
   <subfield code="2">23rd ed.</subfield>
   <subfield code="a">658.85</subfield>
   <subfield code="b">L120</subfield>
  </datafield>
  <datafield tag="100" ind1="1" ind2=" ">
   <subfield code="a">Lí Kiện Lâm</subfield>
  </datafield>
  <datafield tag="245" ind1="1" ind2="0">
   <subfield code="a">Ai hiểu khách hàng người ấy bán được hàng</subfield>
   <subfield code="c">Lí Kiện Lâm ; Hà Giang (dịch)</subfield>
  </datafield>
  <datafield tag="260" ind1=" " ind2=" ">
   <subfield code="a">H.</subfield>
   <subfield code="b">Thanh niên</subfield>
   <subfield code="c">2017</subfield>
  </datafield>
  <datafield tag="300" ind1=" " ind2=" ">
   <subfield code="a">263 tr.</subfield>
   <subfield code="c">23cm</subfield>
  </datafield>
  <datafield tag="520" ind1="3" ind2=" ">
   <subfield code="a">&quot;giới thiệu quá trình nhân viên bán hàng tìm kiếm khách hàng tiềm năng, quá trình chi tiêu của khách hàng, những chi tiết nhỏ mà khách hàng quan tâm, lời nói và hành động, cử chỉ của khách hàng, tâm lí của khách hàng, tín hiệu giao dịch của khách hàng... giúp người bán hàng hiểu được khách hàng, kịp thời đáp ứng nhu cầu của họ, từ đó dễ dàng có được đơn đặt hàng và nâng cao thành tích tiêu thụ sản phẩm.&quot;</subfield>
  </datafield>
  <datafield tag="653" ind1=" " ind2=" ">
   <subfield code="a">Quan hệ công chúng</subfield>
  </datafield>
  <datafield tag="700" ind1="1" ind2=" ">
   <subfield code="a">Hà Giang</subfield>
   <subfield code="e">Dịch</subfield>
  </datafield>
  <datafield tag="942" ind1=" " ind2=" ">
   <subfield code="2">ddc</subfield>
   <subfield code="c">BK</subfield>
  </datafield>
  <datafield tag="952" ind1=" " ind2=" ">
   <subfield code="0">0</subfield>
   <subfield code="1">0</subfield>
   <subfield code="2">ddc</subfield>
   <subfield code="4">0</subfield>
   <subfield code="6">658_850000000000000_L120</subfield>
   <subfield code="7">0</subfield>
   <subfield code="9">14707</subfield>
   <subfield code="a">000001</subfield>
   <subfield code="b">000001</subfield>
   <subfield code="d">2018-10-22</subfield>
   <subfield code="l">9</subfield>
   <subfield code="m">1</subfield>
   <subfield code="o">658.85 L120</subfield>
   <subfield code="p">MD.13712</subfield>
   <subfield code="r">2020-07-10</subfield>
   <subfield code="s">2020-06-06</subfield>
   <subfield code="v">81000.00</subfield>
   <subfield code="w">2018-10-22</subfield>
   <subfield code="y">BK</subfield>
  </datafield>
  <datafield tag="952" ind1=" " ind2=" ">
   <subfield code="0">0</subfield>
   <subfield code="1">0</subfield>
   <subfield code="2">ddc</subfield>
   <subfield code="4">0</subfield>
   <subfield code="6">658_850000000000000_L120</subfield>
   <subfield code="7">0</subfield>
   <subfield code="9">14708</subfield>
   <subfield code="a">000001</subfield>
   <subfield code="b">000001</subfield>
   <subfield code="d">2018-10-22</subfield>
   <subfield code="o">658.85 L120</subfield>
   <subfield code="p">MD.13713</subfield>
   <subfield code="r">2018-10-22</subfield>
   <subfield code="v">81000.00</subfield>
   <subfield code="w">2018-10-22</subfield>
   <subfield code="y">BK</subfield>
  </datafield>
  <datafield tag="980" ind1=" " ind2=" ">
   <subfield code="a">Thư viện Trường Đại học Nam Cần Thơ</subfield>
  </datafield>
 </record>
</collection>
